BT21 Character by BTS Member - Statistics

General Stats
  • This quiz has been taken 783 times
  • The average score is 6 of 8
Answer Stats
BTS Member BT21 Character % Correct
V Tata
89%
Jimin Chimmy
88%
J-Hope Mang
87%
RM Koya
79%
Jin RJ
79%
Suga Shooky
79%
Jungkook Cooky
77%
ARMY Van
55%
No matching quizzes found
Score Distribution
Percent of People with Each Score
Percentile by Number Answered
Your Score History
You have not taken this quiz